Elementary analysis
Αποθηκεύτηκε σε:
| Κύριος συγγραφέας: | |
|---|---|
| Άλλοι συγγραφείς: | |
| Μορφή: | Βιβλίο |
| Γλώσσα: | English |
| Δημοσίευση: |
Oxford :
Pergamon Press,
c1965
|
| Σειρά: | Commonwealth and international library of scince, technology, engineering and liberal studies. Mathematics division
|
| Θέματα: | |
| Ετικέτες: |
Προσθήκη ετικέτας
Δεν υπάρχουν, Καταχωρήστε ετικέτα πρώτοι!
|
MARC
| LEADER | 00000cam a2200000 i 4500 | ||
|---|---|---|---|
| 001 | 1/12390 | ||
| 008 | 110310s1965 eng d | ||
| 035 | |l 10109768 | ||
| 040 | |a GR-MY-UA |b gre |e aacr | ||
| 041 | 0 | |a eng | |
| 082 | 0 | |a 515 |2 (22) | |
| 100 | 1 | |a Snell, K. S. |q (Kenneth Scotchburn) | |
| 245 | 1 | 0 | |a Elementary analysis / |c K. S. Snell and J. B. Morgann |
| 260 | |a Oxford : |b Pergamon Press, |c c1965 | ||
| 300 | |a viii, 239 σ.; |b σχημ.; |c 20 εκ. | ||
| 490 | 1 | |a The Commonwealth and international library | |
| 650 | 0 | 0 | |a Mathematical analysis. |
| 700 | 1 | |a Morgan, J. B. |q (John Butler) | |
| 830 | 0 | |a Commonwealth and international library of scince, technology, engineering and liberal studies. Mathematics division | |
| 852 | |a INST |b SAMOS |c MAG |e 20110310 |h 515 SNE |p 005300032933 |q 005300032933 |t BK |v τ.1: |y 0 |z τ.1 | ||
| 853 | |a INST |b SAMOS |c MAG |h 515 SNE | ||
| 901 | |a BIBL3-2011-1 | ||
| 909 | |a Σ |b 166990 | ||
| 970 | |a ΓΟΥΒΑΛΑ |b ΒΑΣΩ |z 2011/03/10 | ||